000
00310nam a2200109Ia 4500
008
171211s9999 xx 000 0 und d
245
_a
Pocket Power Soft Skills: Perfekt sprechen
245
_c
Helmut Wagner
260
_c
2007
650
_x
LANGUAGES
856
_u
http://down.ebook777.com/025/978-3446409880.pdf
999
_c
349735
_d
349735